Top 10 Most Expensive Sales in Tottenham Hotspur's History - Statistics

General Stats
  • This quiz has been taken 540 times
  • The average score is 6 of 10
Answer Stats
Sold To Transfer Fee Answer % Correct
Real Madrid £85,300,000 Gareth Bale
100%
Real Madrid £29,316,219 Luka Modric
88%
Manchester United £30,750,000 Dimitar Berbatov
74%
Liverpool £20,300,000 Robbie Keane
59%
Stoke City £12,000,000 Peter Crouch
57%
Manchester United £18,600,000 Michael Carrick
56%
Hamburg SV £10,300,000 Rafael van der Vaart
43%
Villarreal £10,000,000 Roberto Soldado
39%
Sunderland £10,000,000 Darren Bent
34%
QPR £10,000,000 Sandro Ranieri
17%
No matching quizzes found
Score Distribution
Percent of People with Each Score
Percentile by Number Answered
Your Score History
You have not taken this quiz